LEADER 00898nam0-2200301 --450 001 9910646890003321 005 20230301113846.0 020 $aIT$bS7518 100 $a20230301d1971----kmuy0itay5050 ba 101 0 $aita 102 $aIT 105 $aa-------001yy 200 1 $aArte dopo il 1945$eGrecia$fTony Spiteris$gtraduzione di Francesco Golisano 210 $aBologna$cCappelli$dstampa 1971 215 $a123 p., [20] carte di tav.$cill.$d19 cm 225 1 $aArte dopo il 1945$v3 517 1 $aArte dopo il millenovecentoquarantacinque 610 0 $aArte greca$a1945-1970 676 $a709.495$v17 700 1$aSpiteris,$bTony$0210118 702 1$aGolisano,$bFrancesco 801 0$aIT$bUNINA$gREICAT$2UNIMARC 901 $aBK 912 $a9910646890003321 952 $aFONDO ROSSI 4286$bROSSI 4407$fFARBC 959 $aFARBC 996 $aArte dopo il 1945$91679295 997 $aUNINA LEADER 02333 am 22004813u 450 001 9910131252303321 005 20230621140507.0 010 $a9789048524839$bPDF ebook 010 $z9789089647313$bprint 035 $a(CKB)3710000000422517 035 $a(WaSeSS)IndRDA00058556 035 $a(oapen)https://directory.doabooks.org/handle/20.500.12854/29864 035 $a(EXLCZ)993710000000422517 100 $a20160628h20152015 fy 0 101 0 $aeng 135 $aurm|#|||||||| 181 $ctxt$2rdacontent 182 $cc$2rdamedia 183 $acr$2rdacarrier 200 10$aSyntax of Dutch$hVolume 2 $everbs and verb phrases /$fHans Broekhuis, Norbert Corver 210 $cAmsterdam University Press$d2015 210 1$aAmsterdam, Netherlands :$cAmsterdam University Press,$d2015. 210 4$dİ2015 215 $a1 online resource (xix, 1190 pages) $cillustrations; digital, PDF file(s) 225 1 $aComprehensive Grammar Resources 311 08$aPrint version: 9789089647313 320 $aIncludes bibliographical references. 330 $aSyntax of Dutch: Verbs and Verb Phrases consists of three volumes. Volume 1 opens with a general introduction to verbs, including a review of various verb classifications and discussions on inflection, tense, mood, modality and aspect. This is followed by a comprehensive discussion of complementation (argument structure and verb frame alternations). Volume 2 continues the discussion of complementation, but is more specifically focused on clausal complements: the reader will find detailed discussions of finite and infinitival argument clauses, complex verb constructions and verb clustering. Volume 3 concludes with a description of adverbial modification and the overall structure of clauses in relation to, e.g., word order (verb placement, wh-movement. extraposition phenomena, scrambling, etc.). 410 0$aComprehensive grammar resources. 606 $aDutch language$xSyntax 610 $asyntax 610 $averbs 610 $adutch 615 0$aDutch language$xSyntax. 700 $aBroekhuis$b Hans$f1959-$0803521 702 $aCorver$b Norbert$f1963- 801 0$bWaSeSS 801 1$bWaSeSS 801 2$bUkMaJRU 906 $aBOOK 912 $a9910131252303321 996 $aSyntax of Dutch$91930027 997 $aUNINA